000 00779nam a22002417a 4500
008 240608b mp ||||| |||| 00| 0 mon d
020 _a978-99973-1-794-0
035 _a18912
040 _aDU1548031
_bmon
_cMN-UlNLM
_dMN-UlNLM
_erda
041 _amon
042 _a45928
084 _2NNA
_a83.8
_bК-986
100 _aЭрих Кэстнер
245 0 _aЛотте, Луизе хоёр
264 _aУБ
_bМонсудар хэвлэлийн газар
_c2019
300 _a208
336 _2rdacontent
_atext
_btxt
337 _2rdamedia
_aunmediated
_bn
338 _2rdacarrier
_avolume
_bnc
650 _aохидод зориулав хүүхдийн зохиол тууж
942 _2NNA
_cBK
999 _c843700
_d843757